| 000 | 00338pab a2200133 454500 | ||
|---|---|---|---|
| 008 | 180718b1983 xxu||||| |||| 00| 0 eng d | ||
| 100 | _aKwok, Yin-Wang | ||
| 245 | _aEducation in urban planning | ||
| 260 | _c1983 | ||
| 300 | _a91-101 | ||
| 650 | _aArchitecture - Study And Teaching Asia | ||
| 773 | _aHabitat International | ||
| 909 | _a3987 | ||
| 999 |
_c3987 _d3987 |
||